000 01146cam a22003617a 4500
003 CHAP
005 20220817043214.0
008 971013s1978 r 00010 d
010 _a68566
011 _a69538
035 _a79015
040 _cCHAP
090 _aFolleto 12262
100 0 0 _aCipagauta Valenzuela, Adel.
_923339
245 1 3 _aEl cultivo del cacao (Theobroma cacao)
260 _aMéxico :
_bDGEA,
_c1978
300 _a31 p.
490 0 _aEconotecnia Agrícola
_v; v.2, No.12
500 _a29-204
590 _aBATCH-UPD
_b10
_c20130110
_lUCH01
_h0226
590 _aBATCH-UPD
_b10
_c20130110
_lUCH01
_h0820
590 _aBATCH-UPD
_b10
_c20130410
_lUCH01
_h1413
590 _aBATCH-UPD
_b10
_c20130914
_lUCH01
_h0804
590 _aCONVERSION
_b10
_c20130109
_lUCH01
_h1338
650 1 4 _aCacao
_xAspectos económicos.
_916922
650 1 4 _aCacao
_xCostos de producción.
_916935
650 1 4 _aCacao
_xMercadeo.
_916956
830 0 _aEconotecnia agricola
_v; v.2, No.12
901 _aBK
942 _cFOLL
949 _aFolleto 12262
_bBC
_cFOLL
_d-31892
_eTS1
_i79015
_si
949 _aFolleto 12262
_bBC
_cFOLL
_d-62265
_eTS2
_fc.2
_i79015
_si
999 _c68566
_d68566